50 years of Bangladesh : advances in health /

Bibliographic Details
Other Authors: Chowdhury, A. M. Raza (Editor), Ahmed, Yasmin Hemayet (Editor), Islam, Khairul (Editor), Moral, Shishir (Editor)
Format: Book
Language:English
Published: University Press Limited, Dhaka : c2023.
Subjects:
Classic Catalogue: View this record in Classic Catalogue
LEADER 02548nam a22003977a 4500
001 41325
003 BD-DhAAL
005 20250428152010.0
008 230605t2023 bg a|||| b||| 001 0 eng d
020 |a 9789845064040 
040 |a BD-DhAAL  |c BD-DhAAL 
082 |a 362.1095492  |2 23 
245 |a 50 years of Bangladesh :  |b advances in health /  |c edited by Ahmed Mushtaque Raza Chowdhury, Yasmin Ahmed, Khairul Islam, Shishir Moral. 
260 |b Dhaka :  |a University Press Limited,  |c c2023. 
300 |a xx, 462 pages :  |b illustrations ;  |c 24 cm 
500 |a First published. 
526 |a AAL 
541 |a Donated by Professor Syed Mahfuzul Aziz (Former Pro Vice-Chancellor of BRAC University)  |e 41325, 41326, 41327, 41328, 44331 
650 |a Public health  |z Bangladesh  |x History.  |9 58108 
650 |a Health facilities  |z Bangladesh   |x History.  |9 58123 
650 |a Medicine  |z Bangladesh  |x History.  |9 58107 
650 |a Family planning  |z Bangladesh. 
700 |a Chowdhury, A. M. Raza,  |e editor.  |9 54468 
700 |a Ahmed, Yasmin Hemayet,  |e editor.  |9 54469 
700 |a Islam, Khairul,  |e editor.  |9 54470 
700 |a Moral, Shishir,  |e editor. 
710 |a James P. Grant School of Public Health (BRAC University),  |e associated name. 
710 |a Bangladesh Health Watch,  |e associated name.  |9 58112 
852 |a Ayesha Abed Library  |c General Stacks 
942 |2 ddc  |c BK 
999 |c 45839  |d 45839 
952 |0 0  |1 0  |2 ddc  |4 0  |6 362_109549200000000_FIF  |7 0  |9 73724  |a BRACUL  |b BRACUL  |c GEN  |d 2023-06-04  |e University Press Limited  |g 1162.50  |l 0  |o 362.1095492 FIF  |p 3010041325  |r 2026-01-17  |t 1  |v 1550.00  |w 2023-06-04  |y BK 
952 |0 0  |1 0  |2 ddc  |4 0  |6 362_109549200000000_FIF  |7 0  |9 73725  |a BRACUL  |b BRACUL  |c GEN  |d 2023-06-04  |e University Press Limited  |g 1162.50  |l 0  |o 362.1095492 FIF  |p 3010041327  |r 2023-06-04  |t 3  |v 1550.00  |w 2023-06-04  |y BK 
952 |0 0  |1 0  |2 ddc  |4 0  |6 362_109549200000000_FIF  |7 0  |9 73726  |a BRACUL  |b BRACUL  |c GEN  |d 2023-06-04  |e University Press Limited  |g 1162.50  |l 0  |o 362.1095492 FIF  |p 3010041326  |r 2023-06-04  |t 2  |v 1550.00  |w 2023-06-04  |y BK 
952 |0 0  |1 0  |2 ddc  |4 0  |6 362_109549200000000_FIF  |7 0  |9 73727  |a BRACUL  |b BRACUL  |c GEN  |d 2023-06-04  |e University Press Limited  |g 1162.50  |l 0  |o 362.1095492 FIF  |p 3010041328  |r 2023-06-04  |t 4  |v 1550.00  |w 2023-06-04  |y BK 
952 |0 0  |1 0  |2 ddc  |4 0  |6 362_109549200000000_FIF  |7 0  |9 77602  |a BRACUL  |b BRACUL  |c GEN  |d 2025-04-21  |e Donated by Professor Syed Mahfuzul Aziz (Former Pro Vice-Chancellor of BRAC University)  |g 1550.00  |l 0  |o 362.1095492 FIF  |p 3010044331  |r 2026-01-17  |t 5  |w 2025-04-21  |y BK  |x Donated by Professor Syed Mahfuzul Aziz (Former Pro Vice-Chancellor of BRAC University)